00537nam a22001937a 450000500170000001000130001702000100003003500130004003700160005304000120006908200110008110000230009224500540011526000440016927000500021330000280026365000180029165000340030920170124110058.0 aB-009905 c00.00 aB-009905 bCen Lib/Ret aDPLbEN aSbWYS aWyss, Johann David aThe Swiss family Robinson /cby Johann David Wyss aNew DelhibVikas Publishing Housec1999 a576, Masjid Road, JangpurabNew Delhie110014 a165p. :c21cm(Hb)bill. aSwiss fiction aSwiss fiction -- 18th century